Normal view
MARC view
Entry Topical Term
001 - CONTROL NUMBER
- control field: 10888
003 - CONTROL NUMBER IDENTIFIER
- control field: BD-RjUL
005 - DATE AND TIME OF LATEST TRANSACTION
- control field: 20240116155221.0
008 - FIXED-LENGTH DATA ELEMENTS
- fixed length control field: 240116|| aca||aabn | a|a d
040 ## - CATALOGING SOURCE
- Original cataloging agency: BD-RjUL
- Transcribing agency: BD-RjUL
150 ## - HEADING--TOPICAL TERM
- Topical term or geographic name entry element: Persian language
- Form subdivision: Dictionaries
- General subdivision: Urdu
670 ## - SOURCE DATA FOUND
- Source citation: Work cat.: (BD-RjUL)82649: Rāzī, Farīdah 10887, The modern Persian dictionary :, 1952.